Empty Cities Quiz Stats

Quiz Updated Mar 13, 2012

Also try: Just Read the Map
Challenge
Share
Tweet
Embed
Score 0/19 Timer 06:00
8 Plays Today
Population at peak City % Correct
1,849,568Detroit, MI
88.4%
914,808Cleveland, OH
69%
676,806Pittsburgh, PA
65.4%
856,796St. Louis, MO
56%
580,132Buffalo, NY
55.8%
503,998Cincinnati, OH
53.5%
627,525New Orleans, LA
53.2%
442,337Newark, NJ
35.8%
332,488Rochester, NY
34.7%
220,583Syracuse, NY
32.8%
Population at peak City % Correct
196,940Flint, MI
32.1%
178,320Gary, IN
29.5%
128,009Trenton, NJ
29.2%
262,332Dayton, OH
22.8%
143,433Scranton, PA
21.5%
170,002Youngstown, OH
17.7%
124,555Camden, NJ
13.6%
101,740Utica, NY
11.3%
112,504Wilmington, DE
11.3%

You're not logged in!

Compare scores with friends on all Sporcle quizzes.
Sign Up with Email
OR
Log In

You Might Also Like...

Show Comments

Extras

Top Quizzes Today


Score Distribution

Your Account Isn't Verified!

In order to create a playlist on Sporcle, you need to verify the email address you used during registration. Go to your Sporcle Settings to finish the process.